| 000 | 00423 a2200169 4500 | ||
|---|---|---|---|
| 005 | 20250613091748.0 | ||
| 020 | _a0-07-283137-5 | ||
| 082 | _a658.15 ROS | ||
| 100 | _aROSS, A. S | ||
| 245 | _aCorporate Finance | ||
| 250 | _a6th Ed. | ||
| 260 |
_aBoston _bMcGraw-Hill Irwin _c2002. |
||
| 300 |
_axii, 932p. _bGlossary and Index _c26 cm |
||
| 700 | _aRandolph W. Westerfield | ||
| 700 | _a Jeffrey Jaffe | ||
| 942 |
_2ddc _cBKS |
||
| 999 |
_c3674 _d3674 |
||